Los peces de color

Salvato in:
Dettagli Bibliografici
Autore principale: Domínguez, Luis (Autore)
Natura: Libro
Lingua:spagnolo
Pubblicazione: Santiago Zig Zag 1969
Serie:Narradores Chilenos
Soggetti:
Tags: Aggiungi Tag
Nessun Tag, puoi essere il primo ad aggiungerne!!

MARC

LEADER 00000nam a2200000 a 4500
001 UCQ6597
003 CL-VaPUC
008 981016e19690000CL |||||||||||||||||spa|d
082 0 4 |a Ch863  |b DOM  |2 21 
100 0 |a Domínguez, Luis  |e author  |9 420478 
245 1 4 |a Los peces de color 
300 |a 127 p 
942 |c BK 
945 |d 19981016 00:00:00  |a lriquelm 
260 |a Santiago  |b Zig Zag  |c 1969 
650 0 |a Literatura chilena   |9 308278 
650 0 |a Novelas chilenas   |9 265425 
583 |a last modification  |c 19981016 00:00:00  |k Rodrigo Vera 
490 0 |a Narradores Chilenos 
999 |c 276544  |d 276542 
952 |0 0  |1 0  |4 0  |6 CH_863_000000000000000_DOM_1969  |7 0  |8 A  |9 313827  |a BIBEDU  |b BIBEDU  |d 2019-11-20  |i 1483439  |o Ch863 DOM 1969  |p 1483439  |r 2019-11-20  |w 2019-11-20  |y BK  |k LIT